Pays accessibles depuis la l'Algérie en traversant un seul pays. - Statistiques

Statistiques générales
  • Ce quiz a été pris 48 fois
  • Le résultat moyen est 7 sur 10
Statistiques - réponses
Réponse % Correct
Egypte
89%
Sénégal
89%
Nigéria
83%
Tchad
83%
Soudan
80%
Burkina Faso
70%
Côte d'Ivoire
65%
Espagne
63%
Bénin
54%
Guinée
54%
Aucun quiz correspondant
Distribution des résultats
% des personnes avec chaque résultat
Percentile par nombre de réponses
Votre historique - résultats
Vous n’avez pas pris ce quiz